<?xml version="1.0" encoding="UTF-8"?>
<record
    xmlns:xsi="http://www.w3.org/2001/XMLSchema-instance"
    xsi:schemaLocation="http://www.loc.gov/MARC21/slim http://www.loc.gov/standards/marcxml/schema/MARC21slim.xsd"
    xmlns="http://www.loc.gov/MARC21/slim">

  <leader>00196nam a22000857a 4500</leader>
  <controlfield tag="001">1244107</controlfield>
  <controlfield tag="005">20251107111935.0</controlfield>
  <datafield tag="245" ind1=" " ind2=" ">
    <subfield code="a">SUNA"NIN SER&#xC7;ELER&#x130;</subfield>
    <subfield code="c">G&#xDC;LTEN DAYIO&#x11E;LU</subfield>
  </datafield>
  <datafield tag="260" ind1=" " ind2=" ">
    <subfield code="b">ALTIN K&#x130;TAPLAR</subfield>
  </datafield>
  <datafield tag="999" ind1=" " ind2=" ">
    <subfield code="c">1244107</subfield>
    <subfield code="d">1244107</subfield>
  </datafield>
  <datafield tag="952" ind1=" " ind2=" ">
    <subfield code="0">0</subfield>
    <subfield code="1">0</subfield>
    <subfield code="2">ddc</subfield>
    <subfield code="4">0</subfield>
    <subfield code="7">0</subfield>
    <subfield code="a">1021</subfield>
    <subfield code="b">1021</subfield>
    <subfield code="d">2025-10-17</subfield>
    <subfield code="l">0</subfield>
    <subfield code="p">10215505</subfield>
    <subfield code="r">2025-10-17 15:53:38</subfield>
    <subfield code="w">2025-10-17</subfield>
    <subfield code="y">BK</subfield>
  </datafield>
</record>
